zpět

Detail výsledku týmu

Pub U Sousedů, Praha

Datum a čas kvízu

18 Celkem bodů Celkový počet nahraných bodů na tomto kvízu bez doplňovacích otázek.
3. Pořadí na kvízu Konečné umístění týmu na tomto kvízu.

Zaznamenané odpovědi

# Otázka Odpověď Body Výsledky
1. Poslanecká sněmovna ve středu... 1
2. Ukrajinští vyšetřovatelé zabav... 1
3. Když vznikal seriál Most!, jeh... 0
4. McDonald's přišel o ochrannou... 1
5. Český daviscupový tým proděláv... 0
6. V tomto tématu Vás čeká pět vý... 0
7. S Bulharskem nesousedí: 1
8. Z níže vypsaných děl vyberte j... 1
9. Které z těchto zvířat je sudo... 0
10. Které z těchto příjmení je v... 0